| 000 -ლიდერი |
| ფიქსირებული სიგრძის საკონტროლო ველი |
00947nam a2200229Ia 4500 |
| 001 - საკონტროლო ნომერი |
| საკონტროლო ველი |
5769 |
| 003 - საკონტროლო ნომრის იდენტიფიკატორი |
| საკონტროლო ველი |
GE_BSU |
| 005 - ბოლო ოპერაციის თარიღი და დრო |
| საკონტროლო ველი |
20190423105625.0 |
| 008 - ფიქსირებული სიგრძის მონაცემთა ელემენტები - ზოგადი ინფორმაცია |
| ფიქსირებული სიგრძის საკონტროლო ველი |
181216s1985||||ge |||||||||||||| ||geo|| |
| 040 ## - კატალოგიზაციის წყარო |
| Transcribing agency |
GE_BSU |
| 041 ## - ენის კოდი |
| Language code of text/sound track or separate title |
geo |
| 080 ## - უნივერსალური ათობითი კლასიფიკაციის ინდექსი |
| Universal Decimal Classification number |
624.04(075.8) ჟ-84 |
| 100 ## - მთავარი ჩანაწერი - პიროვნების სახელი |
| Personal name |
ჟორჟოლიანი,ნ |
| 9 (RLIN) |
380 |
| 245 ## - ცნობა სათაურის შესახებ |
| Title |
ნაგებობათა დინამიკა და მდგრადობა : |
| Remainder of title |
დამხმ. სახელმძღ. / |
| Statement of responsibility, etc |
ნ. ჟორჯოლიანი, შ. რთველაძე. |
| 245 ## - ცნობა სათაურის შესახებ |
| Remainder of title |
დამხმ. სახელმძღ. |
| 264 ## - წარმოების, გამოცემის, დისტრიბუციის და სხვა ცნობები |
| გამოცემის, წარმოების, დისტრიბუციის... ადგილი |
თბილისი : |
| გამოცემის, წარმოების, დისტრიბუციის... სახელწოდება |
სპი, |
| გამოცემის, წარმოების, დისტრიბუციის... თარიღი |
1985. |
| 300 ## - ფიზიკური აღწერა |
| Extent |
112 გვ. : |
| Other physical details |
ილ., |
| Dimensions |
20 სმ. |
| 504 ## - BIBLIOGRAPHY, ETC. NOTE |
| Bibliography, etc |
ბიბლიოგრ. : გვ.110-111. |
| 653 ## - INDEX TERM--UNCONTROLLED |
| Uncontrolled term |
ნაგებობათა დინამიკა და მდგრადობა |
| 700 ## - ADDED ENTRY--PERSONAL NAME |
| Personal name |
რთველაძე,შ. |
| 9 (RLIN) |
381 |
| 942 ## - ADDED ENTRY ELEMENTS (KOHA) |
| Koha item type |
წიგნი |
| Source of classification or shelving scheme |
|